| 000 | 00543nam a2200181 a 4500 | ||
|---|---|---|---|
| 005 | 20140310183310.0 | ||
| 008 | 050909s19uu xx 00 eng d | ||
| 020 | _a0-323-02468-8 | ||
| 050 |
_aRT 55 _b.M85 2004 |
||
| 100 | _aSaxton, Dolores F., ed. | ||
| 245 |
_aMosby's review questions for the NCLEX-RN examination / _colores F. Saxton. |
||
| 260 |
_aMissouri : _bElseviere, Mosby, _c2005. |
||
| 300 |
_a751 p. : _c28 cm. |
||
| 521 | _aNUR | ||
| 650 |
_aNursing _xExaminations, questions, etc. |
||
| 942 |
_cBK _2lcc _kFOR |
||
| 999 |
_c21137 _d21137 |
||